00359 2200133 4500245009200000020002200092250001100114100001600125005001900141260003300160041001400193084000900207336000900216 aEnsiklopedia Jakarta b : Jakarta Tempo DoeLoe, Kini & Esok Jilid 3cEni SetiatihText a978-979-3535-52-0 aCet. 1 aEni Setiati a20240828085429 aJakartabLENTERA ABADIc2009 aIndonesia aNONE atext